Loading...
കന്യാവനങ്ങൾ
| Main Author: | |
|---|---|
| Other Authors: | |
| Format: | Printed Book |
| Published: |
Kottayanm
DC Books
2010
|
| Subjects: |
| LEADER | 00593nam a22001577a 4500 | ||
|---|---|---|---|
| 020 | |a 9788171300730 | ||
| 082 | |a M 894.812 371 |b KUN/K | ||
| 100 | |a കുഞ്ഞബ്ദുള്ള,പുനത്തിൽ | ||
| 245 | |a കന്യാവനങ്ങൾ | ||
| 260 | |a Kottayanm |b DC Books |c 2010 | ||
| 300 | |a 148p. | ||
| 650 | |a Kanyavanangal-Novel | ||
| 700 | |a Kunhabdulla,Punathil | ||
| 942 | |c BK | ||
| 999 | |c 39273 |d 39273 | ||
| 952 | |0 0 |1 0 |4 0 |6 M_894_812000000000000_371_KUNK |7 0 |8 Stack |9 41752 |a KUCL |b KUCL |c Stack |d 2016-04-22 |g 75.00 |l 4 |m 1 |o M 894.812 371 KUN/K |p 40391 |r 2018-07-09 |s 2018-06-05 |w 2016-04-22 |y BK | ||